Annual report for ... / (Record no. 19080)

000 -LEADER
fixed length control field 00561cas a2200205 a 4500
022 0# - INTERNATIONAL STANDARD SERIAL NUMBER
ISSN 0116-1164
040 ## - CATALOGING SOURCE
Transcribing agency MUL
082 04 - DEWEY DECIMAL CLASSIFICATION NUMBER
Classification number 332 ASI 1968 C160 Or.
110 2# - MAIN ENTRY--CORPORATE NAME
Corporate name or jurisdiction name as entry element Asian Development Bank
245 10 - TITLE STATEMENT
Title Annual report for ... /
246 1# - VARYING FORM OF TITLE
Title proper/short title Annual report
246 3# - VARYING FORM OF TITLE
Title proper/short title Asian Development Bank annual report
246 13 - VARYING FORM OF TITLE
Title proper/short title ADB annual report
260 ## - PUBLICATION, DISTRIBUTION, ETC. (IMPRINT)
Place of publication [Manila] :
Name of publisher Asian Development Bank,
Year of publication [1968]-
300 ## - PHYSICAL DESCRIPTION
Number of Pages v. ;
Dimensions 28 cm
500 ## - GENERAL NOTE
General note Latest issue consulted: 2005
650 #0 - SUBJECT ADDED ENTRY--TOPICAL TERM
Topical Term Banks and banking
650 #0 - SUBJECT ADDED ENTRY--TOPICAL TERM
Topical Term Economic assistance
942 ## - ADDED ENTRY ELEMENTS (KOHA)
Koha item type ADB
952 ## - LOCATION AND ITEM INFORMATION (KOHA)
Withdrawn status [LOCAL, KOHA] 0
Holdings
Koha item type Source of acquisition Lost status Permanent Location Current Location Date acquired Full call number
សៀវភៅភាសាអង់គ្លេសA39180 Library Block CLibrary Block C2020-03-06332 ASI 1968 C160 Or.
មជ្ឈមណ្ឌលឯការនៃសាកលវិទ្យាល័យភូមិន្ទកសិកម្មចំការដូង

Powered by Koha